| 000 | 00863nam a2200217 a 4500 | ||
|---|---|---|---|
| 003 | 0 | ||
| 005 | 20250331091448.0 | ||
| 008 | 050810s19uu xx 00 eng d | ||
| 050 |
_aPGS RA 784 _b.Y12 2005 |
||
| 100 | _aYague, Jesyl Origen Rodriguez. | ||
| 245 |
_aThe profile of people who use Arthrospira plantensis (spirulina) / _cJesyl Origen Rodriguez Yague. |
||
| 260 |
_aLas PiƱas City, Philippines : _bSouthville International School and Colleges, _c2005. |
||
| 300 |
_a45 pages : _bcolored illustrations ; _c28 cm. |
||
| 504 | _aIncludes bibliographical references. | ||
| 650 |
_aSpirulina _vHealth aspects. |
||
| 650 |
_aSpirulina _vNutritional aspects. |
||
| 650 |
_aDietary supplements _vConsumer behavior. |
||
| 650 |
_aNutritional supplements _vUser profiles. |
||
| 650 |
_aAlternative medicine _vNutritional supplements. |
||
| 942 |
_2lcc _cPASS |
||
| 999 |
_c97441 _d97441 |
||